[Event "4NCL Division Two"]
[Site "Daventry, ENG"]
[Date "2023.01.14"]
[Round "3.38"]
[White "Salazar Eyre, Emma"]
[Black "Pert, Max"]
[Result "0-1"]
[WhiteElo "1644"]
[BlackElo "2032"]
[PlyCount "94"]
[EventDate "2023.01.14"]
[WhiteTeam "North East England"]
[BlackTeam "Barbican 4NCL"]

1. e4 c6 2. Nc3 d5 3. Nf3 Bg4 4. h3 Bxf3 5. Qxf3 Nf6 6. d3 e6 7. Bd2 Qb6 8.
O-O-O d4 9. Ne2 c5 10. g4 Nc6 11. Qg3 c4 12. dxc4 Nxe4 13. Qf4 Nd6 14. Bg2 Be7
15. Bxc6+ Qxc6 16. Qxd4 Bf6 17. Qd3 Nxc4 18. Bc3 Rc8 19. Bxf6 gxf6 20. Nc3 Ke7
21. Rhe1 Ne5 22. Qb5 Qxb5 23. Nxb5 Rc6 24. Nd4 Rc4 25. f4 Rxd4 26. Rxd4 Nf3 27.
Red1 Nxd4 28. Rxd4 e5 29. Re4 Ke6 30. c4 Rd8 31. Kc2 a5 32. Kc3 Rd1 33. Re3 Rd4
34. b3 Rxf4 35. Kd3 f5 36. gxf5+ Kxf5 37. a3 Rd4+ 38. Kc3 Rd7 39. Re1 e4 40.
Rf1+ Ke5 41. Re1 f5 42. Rg1 e3 43. Re1 Ke4 44. Rg1 f4 45. Rg8 e2 46. Re8+ Kf3
47. Re5 Kf2 0-1

[Event "4NCL Division Two"]
[Site "Daventry, ENG"]
[Date "2023.01.14"]
[Round "3.41"]
[White "Gourlay, Iain"]
[Black "Claridge-Hansen, William"]
[Result "0-1"]
[WhiteElo "2295"]
[BlackElo "2315"]
[PlyCount "54"]
[EventDate "2023.01.14"]
[WhiteTeam "Alba"]
[BlackTeam "Oxford 1"]

1. e4 c5 2. Nf3 e6 3. b3 Nc6 4. Bb2 a6 5. c4 Qc7 6. g3 Nf6 7. e5 Ng4 8. Bg2
Ngxe5 9. Nxe5 Nxe5 10. O-O Nc6 11. Re1 Nd4 12. Nc3 g6 13. Nd5 Qd8 14. b4 d6 15.
bxc5 dxc5 16. Rb1 Bg7 17. Nb6 Rb8 18. Ba3 Qc7 19. Nxc8 Qxc8 20. Qa4+ b5 21.
cxb5 axb5 22. Qa7 b4 23. Rbc1 bxa3 24. Rxc5 Qd8 25. Rd5 Ne2+ 26. Kf1 exd5 27.
Qxa3 Qe7 0-1

[Event "4NCL Division Two"]
[Site "Daventry, ENG"]
[Date "2023.01.14"]
[Round "3.42"]
[White "Zakarian, David"]
[Black "Olson, Hamish"]
[Result "1/2-1/2"]
[WhiteElo "2292"]
[BlackElo "2303"]
[PlyCount "80"]
[EventDate "2023.01.14"]
[WhiteTeam "Oxford 1"]
[BlackTeam "Alba"]

1. Nf3 d5 2. e3 c5 3. b3 Nf6 4. Bb2 a6 5. c4 e6 6. Be2 Nc6 7. O-O d4 8. exd4
cxd4 9. Re1 Bc5 10. d3 Qd6 11. a3 a5 12. Nbd2 O-O 13. Ng5 Qc7 14. Bf3 Ra6 15.
Nge4 Nxe4 16. Bxe4 e5 17. f4 Ba7 18. Qh5 g6 19. Qh6 Ne7 20. fxe5 Nf5 21. Bxf5
Bxf5 22. Ne4 Qxe5 23. Ng3 Qc5 24. Nxf5 Qxf5 25. Re4 Rf6 26. Qd2 Re6 27. Rf1 Qc5
28. b4 axb4 29. axb4 Qe7 30. Rxe6 fxe6 31. Rxf8+ Qxf8 32. c5 e5 33. Bxd4 exd4
34. Qa2+ Kg7 35. Qxa7 Qe7 36. Kf1 Qf6+ 37. Ke1 Qe6+ 38. Kf1 Qf6+ 39. Ke2 Qe6+
40. Kf1 Qf6+ 1/2-1/2

[Event "4NCL Division Two"]
[Site "Daventry, ENG"]
[Date "2023.01.14"]
[Round "3.43"]
[White "Berry, Neil"]
[Black "Manley, Jon P"]
[Result "1/2-1/2"]
[WhiteElo "2244"]
[BlackElo "2161"]
[PlyCount "137"]
[EventDate "2023.01.14"]
[WhiteTeam "Alba"]
[BlackTeam "Oxford 1"]

1. d4 d5 2. c4 dxc4 3. e3 a6 4. Bxc4 e6 5. Nf3 c5 6. O-O Nf6 7. Nbd2 Nc6 8.
dxc5 Bxc5 9. a3 b5 10. Be2 Bb7 11. b4 Bd6 12. Bb2 O-O 13. Bxf6 gxf6 14. Rc1 Be7
15. Nb3 Qb6 16. Qc2 a5 17. Nc5 Rfc8 18. Qb2 Rc7 19. Rfd1 axb4 20. axb4 Bc8 21.
Nd2 Nxb4 22. Qxb4 Rxc5 23. Rxc5 Qxc5 24. Qxc5 Bxc5 25. Bxb5 Rb8 26. Bc6 Rb6 27.
Bf3 Be7 28. g4 Ba6 29. Kg2 Kg7 30. Ne4 Bb7 31. Rd7 Kf8 32. Ng3 Bxf3+ 33. Kxf3
Rd6 34. Rb7 Rd2 35. Ne4 Rd1 36. Rb8+ Rd8 37. Rb5 Kg7 38. h4 h6 39. Rb7 Kf8 40.
Ra7 Rd5 41. Ra8+ Rd8 42. Rxd8+ Bxd8 43. h5 Ke7 44. Nc5 Bb6 45. Nd3 Bc7 46. Ke4
Bb6 47. f4 Bc7 48. Kf3 Bb6 49. e4 Bc7 50. Nb2 Bb6 51. Nc4 Bc5 52. e5 fxe5 53.
Nxe5 f6 54. Nd3 Bd4 55. Ke4 Bc3 56. Nf2 Bd2 57. Nd1 Bc1 58. Ne3 Bd2 59. Nc2 Bc1
60. Nd4 Kf7 61. Nc6 Bd2 62. f5 e5 63. Nd8+ Ke7 64. Ne6 Kd6 65. Ng7 Bc1 66. Ne8+
Ke7 67. Nc7 Kd6 68. Ne8+ Ke7 69. Nc7 1/2-1/2

[Event "4NCL Division Two"]
[Site "Daventry, ENG"]
[Date "2023.01.14"]
[Round "3.44"]
[White "Hobson, Kenneth"]
[Black "McKay, Roderick M"]
[Result "0-1"]
[WhiteElo "2145"]
[BlackElo "2197"]
[PlyCount "54"]
[EventDate "2023.01.14"]
[WhiteTeam "Oxford 1"]
[BlackTeam "Alba"]

{[%evp 0,35,19,38,40,41,41,44,41,34,43,47,47,34,18,47,7,22,23,10,3,3,-4,-2,-28,
-34,-36,-44,-36,-70,-46,-71,-96,-62,-53,-151,-159,-129]} 1. e4 c5 2. Nf3 e6 3.
b3 Nc6 4. Bb2 Nf6 5. e5 Nd5 6. c4 Nc7 7. g3 d5 8. exd6 Qxd6 9. Bg2 f6 10. O-O
e5 11. Re1 Be6 12. Nc3 O-O-O 13. Ba3 Qd7 14. Ne4 Na6 15. Qe2 Nab4 16. Bxb4 Nxb4
17. d4 cxd4 18. a3 Nc6 19. Nfd2 Be7 20. f4 f5 21. Nf2 e4 22. Ndxe4 fxe4 23.
Bxe4 d3 24. Nxd3 Bf6 25. Rad1 Bg4 26. Nc5 Qxd1 27. Bf5+ Kb8 0-1

[Event "4NCL Division Two"]
[Site "Daventry, ENG"]
[Date "2023.01.14"]
[Round "3.45"]
[White "Shafi, Declan"]
[Black "Anand, Batsukh"]
[Result "0-1"]
[WhiteElo "2221"]
[BlackElo "2203"]
[PlyCount "122"]
[EventDate "2023.01.14"]
[WhiteTeam "Alba"]
[BlackTeam "Oxford 1"]

1. d4 Nf6 2. Nf3 g6 3. g3 Bg7 4. Bg2 c5 5. dxc5 Qa5+ 6. Nfd2 Qxc5 7. Nc3 O-O 8.
Nb3 Qc7 9. Bg5 Nc6 10. Qd2 Rb8 11. O-O-O b5 12. e4 b4 13. Bxf6 Bxf6 14. Nd5 Qe5
15. Nxf6+ Qxf6 16. f4 d6 17. Kb1 Bg4 18. Rdf1 Rfc8 19. f5 a5 20. h3 a4 21. fxg6
Qxg6 22. hxg4 axb3 23. axb3 Ne5 24. Rf5 Qg7 25. Qh6 Qxh6 26. Rxh6 Kg7 27. Rh1
h6 28. g5 Rh8 29. Rhf1 hxg5 30. Rxg5+ Ng6 31. Kc1 Rh2 32. Rf2 f6 33. Rgf5 Ne5
34. Kd2 Ra8 35. Bf1 Rh1 36. c3 bxc3+ 37. Kxc3 Rc8+ 38. Kd2 Rb8 39. Kc3 Ng4 40.
Re2 Rg1 41. Rf3 Ne5 42. Ref2 Nxf3 43. Rxf3 Rc8+ 44. Bc4 Rg2 45. b4 Re2 46. Rf4
Re3+ 47. Kd2 Rxg3 48. b3 Ra8 49. b5 Ra2+ 50. Ke1 Rg1+ 51. Bf1 Ra1+ 52. Ke2 Rb1
53. Rf3 Rgxf1 54. Rxf1 Rxb3 55. Rf5 e6 56. Rh5 Kg6 57. Rh8 Rxb5 58. Rd8 d5 59.
Rd6 dxe4 60. Rxe6 Kf5 61. Ra6 Ke5 0-1

[Event "4NCL Division Two"]
[Site "Daventry, ENG"]
[Date "2023.01.14"]
[Round "3.46"]
[White "Zakarian, Dimitrios Levon"]
[Black "Waldhausen Gordon, Frederick"]
[Result "1-0"]
[WhiteElo "2084"]
[BlackElo "2069"]
[PlyCount "55"]
[EventDate "2023.01.14"]
[WhiteTeam "Oxford 1"]
[BlackTeam "Alba"]

1. e4 c5 2. Nc3 g6 3. f4 Bg7 4. Nf3 Nc6 5. Bb5 Nd4 6. O-O Nxb5 7. Nxb5 d5 8.
exd5 a6 9. Nc3 Nf6 10. d4 c4 11. Ne5 Nxd5 12. Qf3 Nb4 13. Qf2 Bf5 14. g4 Nxc2
15. gxf5 Nxa1 16. fxg6 hxg6 17. Be3 Rc8 18. Rxa1 b5 19. Rf1 Rh5 20. Qg3 Rf5 21.
Qg2 b4 22. Ne4 Qb6 23. Ng3 Rf6 24. Nh5 Rd6 25. Nxg7+ Kf8 26. Qh3 e6 27. Qh8+
Ke7 28. Qxc8 1-0

[Event "4NCL Division Two"]
[Site "Daventry, ENG"]
[Date "2023.01.14"]
[Round "3.47"]
[White "White, Stuart A"]
[Black "Arora, Tashika"]
[Result "1-0"]
[WhiteElo "2021"]
[BlackElo "2040"]
[PlyCount "105"]
[EventDate "2023.01.14"]
[WhiteTeam "Alba"]
[BlackTeam "Oxford 1"]

1. d4 Nf6 2. c4 e6 3. Nc3 Bb4 4. e3 O-O 5. Bd2 d5 6. Nf3 b6 7. cxd5 exd5 8. Rc1
a6 9. Bd3 Bb7 10. Ne5 Nbd7 11. f4 Bxc3 12. Bxc3 Ne4 13. O-O Nxe5 14. dxe5 c5
15. Bxe4 dxe4 16. Qg4 Qc7 17. f5 Kh8 18. f6 g6 19. Qg5 Rg8 20. Rf4 Qc8 21. Rh4
Qf5 22. Qh6 g5 23. Rf1 Qg6 24. Qxg6 Rxg6 25. Rh5 Bc8 26. h4 g4 27. Rf4 h6 28.
g3 Be6 29. Rxe4 Bxa2 30. e6 Bxe6 31. Rhe5 Re8 32. Rxe6 Rb8 33. Re8+ Rg8 34.
Rxb8 Rxb8 35. Rxg4 b5 36. b4 cxb4 37. Bxb4 Ra8 38. Ba5 Rc8 39. Rg7 Rc1+ 40. Kf2
Ra1 41. Bb6 Rc1 42. Rxf7 Rc8 43. Bd4 Kg8 44. Ra7 Rc6 45. Rb7 Rc8 46. Ke2 Rc4
47. Kd3 Rc1 48. Bb2 Rf1 49. Ke2 Rf5 50. g4 Rxf6 51. Bxf6 a5 52. Rxb5 a4 53. Ra5
1-0

[Event "4NCL Division Two"]
[Site "Daventry, ENG"]
[Date "2023.01.14"]
[Round "3.48"]
[White "Wilson, Edgar"]
[Black "Cooke, Suzie G."]
[Result "1-0"]
[WhiteElo "2016"]
[BlackElo "1952"]
[PlyCount "111"]
[EventDate "2023.01.14"]
[WhiteTeam "Oxford 1"]
[BlackTeam "Alba"]

1. e4 e6 2. d4 d5 3. Nc3 Nf6 4. Bg5 dxe4 5. Nxe4 Be7 6. Bxf6 Bxf6 7. Nf3 Nd7 8.
Bd3 O-O 9. Qe2 c5 10. O-O-O cxd4 11. Nxf6+ Nxf6 12. Bc4 Qc7 13. Rxd4 a6 14.
Rhd1 b5 15. Bb3 Bb7 16. Kb1 Rfd8 17. Ng5 Rxd4 18. Rxd4 Bd5 19. f4 h6 20. Nf3
Rc8 21. Ne5 Bxb3 22. axb3 Qc5 23. Qd2 Qc7 24. g4 Nd5 25. c4 Nb6 26. Qb4 f6 27.
Ng6 Kf7 28. f5 exf5 29. gxf5 Qc5 30. Nh8+ Kg8 31. Qxc5 Rxc5 32. Ng6 Kf7 33. Rd6
Rxf5 34. Nh8+ Kg8 35. Rxb6 Kxh8 36. Rxa6 b4 37. Rb6 Re5 38. Rxb4 f5 39. Rb5
Re1+ 40. Kc2 f4 41. Rf5 Re4 42. c5 g6 43. Rd5 f3 44. Rd2 Rf4 45. Rf2 g5 46. b4
g4 47. Kc3 Kg7 48. b5 Kf7 49. b6 Ke7 50. b4 Kd7 51. b5 h5 52. c6+ Kd6 53. c7
Rf8 54. Rd2+ Ke7 55. b7 f2 56. Rxf2 1-0

[Event "4NCL Division Two"]
[Site "Daventry, ENG"]
[Date "2023.01.14"]
[Round "3.51"]
[White "Cumming, Rhys"]
[Black "Macklin, Paul"]
[Result "0-1"]
[WhiteElo "2367"]
[BlackElo "2353"]
[PlyCount "52"]
[EventDate "2023.01.14"]
[WhiteTeam "Sussex Martlets 1"]
[BlackTeam "Spirit of Atticus"]

1. Nf3 Nf6 2. c4 g6 3. Nc3 Bg7 4. d4 d6 5. e4 O-O 6. Be2 e5 7. O-O exd4 8. Nxd4
Re8 9. f3 Nc6 10. Be3 Nh5 11. f4 Nf6 12. Bf3 Bd7 13. Nc2 a5 14. g4 Nb4 15. Nd4
c5 16. Nb3 a4 17. Nd2 a3 18. bxa3 Rxa3 19. Ndb1 Nxe4 20. Bxe4 Rxe4 21. Qf3 Rxe3
22. Qxe3 Bd4 23. Qxd4 cxd4 24. Nxa3 dxc3 25. Rac1 Qb6+ 26. Kg2 Qe3 0-1

[Event "4NCL Division Two"]
[Site "Daventry, ENG"]
[Date "2023.01.14"]
[Round "3.52"]
[White "Mitchell, Martin"]
[Black "Graham, David B"]
[Result "1/2-1/2"]
[WhiteElo "2193"]
[BlackElo "2187"]
[PlyCount "75"]
[EventDate "2023.01.14"]
[WhiteTeam "Spirit of Atticus"]
[BlackTeam "Sussex Martlets 1"]

1. d4 d5 2. c4 e6 3. Nc3 Nf6 4. Nf3 c5 5. cxd5 Nxd5 6. e3 cxd4 7. exd4 Nxc3 8.
bxc3 Qc7 9. Rb1 Nd7 10. c4 Bd6 11. c5 Bf4 12. Bxf4 Qxf4 13. Bd3 O-O 14. O-O Nf6
15. Qe2 Rd8 16. Rfd1 Nd5 17. Rbc1 Bd7 18. Ne5 Bc6 19. Nxc6 bxc6 20. Bc4 Rab8
21. Bb3 Rb4 22. Rc4 Rxc4 23. Qxc4 h5 24. Ba4 Ne7 25. Qd3 e5 26. g3 Qg4 27. h3
Qxh3 28. Qe4 Qf5 29. Qxf5 Nxf5 30. dxe5 Rxd1+ 31. Bxd1 g6 32. g4 hxg4 33. Bxg4
Nd4 34. f4 Kf8 35. Kf2 Ke7 36. Ke3 Ne6 37. Bxe6 Kxe6 38. Ke4 1/2-1/2

[Event "4NCL Division Two"]
[Site "Daventry, ENG"]
[Date "2023.01.14"]
[Round "3.53"]
[White "Grant, David J"]
[Black "Crocker, Philip J"]
[Result "1-0"]
[WhiteElo "2207"]
[BlackElo "2217"]
[PlyCount "83"]
[EventDate "2023.01.14"]
[WhiteTeam "Sussex Martlets 1"]
[BlackTeam "Spirit of Atticus"]

1. d4 Nf6 2. Nf3 d5 3. Bf4 c5 4. e3 Nc6 5. Nbd2 Qb6 6. dxc5 Qxb2 7. Rb1 Qc3 8.
Bb5 g6 9. e4 dxe4 10. Be5 Qa5 11. O-O exf3 12. Nc4 Qd8 13. Qxf3 Bg7 14. Bxc6+
bxc6 15. Rfd1 Bd7 16. Rb7 O-O 17. Bxf6 Bxf6 18. Rdxd7 Qc8 19. Nd6 exd6 20. Qxf6
Qe8 21. Re7 Qd8 22. cxd6 Rb8 23. Rxb8 Qxb8 24. h4 Qb1+ 25. Kh2 Qxa2 26. d7 Qd5
27. c4 Qa5 28. Rxf7 Qc7+ 29. Kg1 Rxf7 30. d8=Q+ Qxd8 31. Qxd8+ Kg7 32. Qc8 Rf6
33. Qc7+ Kg8 34. Qxa7 h5 35. f3 Kh8 36. Kf2 Kg8 37. Ke3 Re6+ 38. Kd4 Rf6 39.
Kc5 Kf8 40. Qb8+ Kf7 41. Qc7+ Kf8 42. Qxc6 1-0

[Event "4NCL Division Two"]
[Site "Daventry, ENG"]
[Date "2023.01.14"]
[Round "3.54"]
[White "Ackley, Peter J E"]
[Black "Payne, Matthew J"]
[Result "0-1"]
[WhiteElo "2106"]
[BlackElo "2194"]
[PlyCount "58"]
[EventDate "2023.01.14"]
[WhiteTeam "Spirit of Atticus"]
[BlackTeam "Sussex Martlets 1"]

1. d3 Nf6 2. g3 g6 3. Bg2 Bg7 4. f4 d6 5. Nf3 O-O 6. O-O c5 7. a4 Nc6 8. Nc3
Rb8 9. e4 a6 10. h3 Nd7 11. Ne2 b5 12. axb5 axb5 13. c3 Qb6 14. Be3 b4 15. Qd2
Na5 16. Ra2 Ra8 17. Qc1 Ba6 18. c4 Nb3 19. Qd1 Nd4 20. b3 Bb7 21. Rxa8 Nxe2+
22. Qxe2 Rxa8 23. Rb1 e6 24. Bc1 Nb8 25. Bb2 Ra2 26. Qc2 Nc6 27. Qc1 Bxb2 28.
Rxb2 Qa5 29. Qb1 Ra1 0-1

[Event "4NCL Division Two"]
[Site "Daventry, ENG"]
[Date "2023.01.14"]
[Round "3.55"]
[White "Miller, Dominic"]
[Black "Carleton, John J"]
[Result "1-0"]
[WhiteElo "2124"]
[BlackElo "2117"]
[PlyCount "61"]
[EventDate "2023.01.14"]
[WhiteTeam "Sussex Martlets 1"]
[BlackTeam "Spirit of Atticus"]

1. e4 c6 2. d4 d5 3. e5 Bf5 4. h4 c5 5. dxc5 Nc6 6. Bb5 Qc7 7. Nc3 O-O-O 8.
Bxc6 Qxc6 9. Qd4 e6 10. b4 b6 11. Be3 f6 12. Nge2 bxc5 13. bxc5 fxe5 14. Qxe5
Nf6 15. Nd4 Qc7 16. Qxc7+ Kxc7 17. Ncb5+ Kd7 18. c6+ Ke8 19. Nxa7 Bb4+ 20. Ke2
Ra8 21. Rab1 Rxa7 22. Rxb4 Ra8 23. Rb7 Ne4 24. Nb5 Rxa2 25. Rb8+ Kf7 26. Rxh8
Rxc2+ 27. Kf3 e5 28. Rc1 Rb2 29. Rb8 h5 30. g3 d4 31. Rb7+ 1-0

[Event "4NCL Division Two"]
[Site "Daventry, ENG"]
[Date "2023.01.14"]
[Round "3.56"]
[White "Jackson, Sheila"]
[Black "Rogacewicz, Mikolaj"]
[Result "1/2-1/2"]
[WhiteElo "2129"]
[BlackElo "2003"]
[PlyCount "72"]
[EventDate "2023.01.14"]
[WhiteTeam "Spirit of Atticus"]
[BlackTeam "Sussex Martlets 1"]

1. e4 e6 2. d4 d5 3. Nd2 Nf6 4. e5 Nfd7 5. Bd3 c5 6. c3 Nc6 7. Ne2 cxd4 8. cxd4
f6 9. exf6 Nxf6 10. O-O Bd6 11. Nf3 Qc7 12. g3 O-O 13. Bf4 Nh5 14. Bxd6 Qxd6
15. Nc3 g6 16. a3 Bd7 17. Re1 Rf6 18. Ne5 Rd8 19. Ng4 Rff8 20. Bf1 Nf6 21.
Nxf6+ Rxf6 22. f4 Ne7 23. Qd2 Qb6 24. Rad1 Nf5 25. Re5 Kg7 26. Qf2 Nd6 27. Rd2
Rdf8 28. b4 Nf7 29. Re1 Nd6 30. Bh3 R8f7 31. Rde2 Nc4 32. Bg2 Nd6 33. Bxd5 exd5
34. Nxd5 Qd8 35. Nxf6 Qxf6 36. d5 Bg4 1/2-1/2

[Event "4NCL Division Two"]
[Site "Daventry, ENG"]
[Date "2023.01.14"]
[Round "3.57"]
[White "Graham, Cassie M"]
[Black "Latham, David"]
[Result "1/2-1/2"]
[WhiteElo "1987"]
[BlackElo "2099"]
[PlyCount "80"]
[EventDate "2023.01.14"]
[WhiteTeam "Sussex Martlets 1"]
[BlackTeam "Spirit of Atticus"]

1. e4 c5 2. Nc3 Nc6 3. f4 e6 4. Nf3 d6 5. Bc4 Be7 6. O-O Nf6 7. d3 a6 8. a4 d5
9. Ba2 dxe4 10. dxe4 Qxd1 11. Rxd1 b6 12. h3 Nd4 13. e5 Nxf3+ 14. gxf3 Nd7 15.
Kf2 Bb7 16. Be3 O-O-O 17. f5 Nxe5 18. Rxd8+ Rxd8 19. fxe6 fxe6 20. Bxe6+ Kc7
21. f4 Bh4+ 22. Kf1 Nf3 23. Rd1 Nh2+ 24. Kg1 Nf3+ 25. Kf1 Nd4 26. Bxd4 cxd4 27.
Ne2 Bf6 28. Bc4 d3 29. Bxd3 Bxb2 30. Rb1 Bf6 31. Bxh7 Bc8 32. Bd3 Bxh3+ 33. Kf2
Bc8 34. Rb4 Rd5 35. Rc4+ Rc5 36. Rxc5+ bxc5 37. Nc1 Bd7 38. Bxa6 Bxa4 39. Bd3
Kc6 40. Ne2 Kd6 1/2-1/2

[Event "4NCL Division Two"]
[Site "Daventry, ENG"]
[Date "2023.01.14"]
[Round "3.58"]
[White "Doran, Chris"]
[Black "Ursell, Adam R"]
[Result "0-1"]
[WhiteElo "2001"]
[BlackElo "1920"]
[PlyCount "122"]
[EventDate "2023.01.14"]
[WhiteTeam "Spirit of Atticus"]
[BlackTeam "Sussex Martlets 1"]

1. e4 c6 2. d4 d5 3. e5 c5 4. c4 cxd4 5. Qxd4 e6 6. cxd5 Nc6 7. Qf4 Qxd5 8. Nf3
Nb4 9. Bc4 Nc2+ 10. Ke2 Qc6 11. Nc3 a6 12. Rb1 b5 13. Bb3 Nb4 14. Be3 Qc7 15.
Ne4 Nd5 16. Bxd5 Qc2+ 17. Nfd2 exd5 18. Nc3 Be6 19. Rhc1 Qg6 20. Kf1 Nh6 21.
Nf3 Be7 22. Nd4 O-O 23. Nc6 Nf5 24. Nxe7+ Nxe7 25. Bc5 Qd3+ 26. Kg1 Ng6 27. Qb4
Rfc8 28. Re1 Qc4 29. Bd6 Nf4 30. Rbd1 Nd3 31. Qxc4 dxc4 32. Re2 h6 33. a3 Rd8
34. Ne4 Nxe5 35. Nc5 Nd3 36. Nxe6 Rxd6 37. Nc5 Rd5 38. Nxd3 cxd3 39. Red2 Rad8
40. f3 f5 41. Kf2 f4 42. Rc1 Kf7 43. g4 Ke6 44. Rc6+ R8d6 45. Rc7 g5 46. Rh7
Ke5 47. Re7+ Kd4 48. Re4+ Kc5 49. Re1 Rd4 50. Red1 b4 51. axb4+ Kxb4 52. Ra1
Rc4 53. Ra3 Rc2 54. Ke1 Rxb2 55. Rdxd3 Rc6 56. Kd1 a5 57. h3 a4 58. Ra1 Rh2 59.
Rd4+ Kc3 60. Rdxa4 Rd6+ 61. Ke1 Rh1+ 0-1

[Event "4NCL Division Two"]
[Site "Daventry, ENG"]
[Date "2023.01.14"]
[Round "3.61"]
[White "Harakis, Alexis M"]
[Black "Chan, Kim Yew"]
[Result "1/2-1/2"]
[WhiteElo "2282"]
[BlackElo "2278"]
[PlyCount "90"]
[EventDate "2023.01.14"]
[WhiteTeam "KJCA Kings"]
[BlackTeam "SchachAttack"]

1. d4 Nf6 2. c4 e6 3. g3 d5 4. Bg2 Bb4+ 5. Bd2 Be7 6. Nf3 O-O 7. O-O c6 8. Nc3
dxc4 9. a4 Na6 10. Bf4 Nd5 11. Ne5 Nxf4 12. gxf4 Nb4 13. a5 Bd6 14. Qa4 Nd5 15.
e3 Bc7 16. Nxc4 Qh4 17. Ne5 a6 18. Ne4 f6 19. Nf3 Qh6 20. Kh1 e5 21. dxe5 fxe5
22. Nxe5 Bh3 23. Bxh3 Qxh3 24. Ng5 Qh5 25. Ngf3 Rae8 26. Rg1 Bxe5 27. Nxe5 Rxe5
28. fxe5 Rxf2 29. Rg2 Rxg2 30. Kxg2 Qe2+ 31. Kg1 Qxe3+ 32. Kf1 Qf3+ 33. Ke1
Qh1+ 34. Kd2 Qxh2+ 35. Kd3 Qg3+ 36. Kc2 Qxe5 37. Qh4 Qe2+ 38. Kb3 Qb5+ 39. Kc2
Nb4+ 40. Kc3 Nd5+ 41. Kc2 h6 42. Qe4 Qc5+ 43. Kb3 Qb5+ 44. Kc2 Nb4+ 45. Kc3
Nd5+ 1/2-1/2

[Event "4NCL Division Two"]
[Site "Daventry, ENG"]
[Date "2023.01.14"]
[Round "3.62"]
[White "Nicholas, Koichi B"]
[Black "Merriman, John"]
[Result "1-0"]
[WhiteElo "2174"]
[BlackElo "2358"]
[PlyCount "97"]
[EventDate "2023.01.14"]
[WhiteTeam "SchachAttack"]
[BlackTeam "KJCA Kings"]

1. e4 e6 2. d4 d5 3. Nc3 Nf6 4. Bg5 Bb4 5. e5 h6 6. Bd2 Bxc3 7. bxc3 Ne4 8. Qg4
g6 9. Qf4 c5 10. Bd3 Nxd2 11. Qxd2 Qe7 12. Nf3 Bd7 13. dxc5 Bc6 14. O-O Nd7 15.
Rab1 Qxc5 16. Rfe1 Rc8 17. Nd4 Nb6 18. h4 Qe7 19. Rb4 Bd7 20. Reb1 Kf8 21. a4
Bxa4 22. Ra1 Kg7 23. Rxb6 axb6 24. Rxa4 Ra8 25. Rb4 Ra1+ 26. Bf1 Rha8 27. g3
Qc7 28. Qf4 Re1 29. Qf6+ Kg8 30. Nf3 Re4 31. Bd3 Rxb4 32. cxb4 Qd8 33. Qf4 Kg7
34. Nd4 Qe7 35. Nb5 Ra1+ 36. Kg2 Re1 37. Nd6 g5 38. hxg5 hxg5 39. Qd4 Qd8 40.
Nxb7 Qh8 41. Bf1 Re4 42. Qxb6 Qb8 43. Qc6 Qxe5 44. Nd6 Re1 45. Qd7 Qa1 46.
Qxf7+ Kh6 47. Qf8+ Kh5 48. g4+ Kh4 49. Qh6+ 1-0

[Event "4NCL Division Two"]
[Site "Daventry, ENG"]
[Date "2023.01.14"]
[Round "3.63"]
[White "Ratnesan, Ranesh"]
[Black "Voyiakis, Emmanuel"]
[Result "1-0"]
[WhiteElo "2341"]
[BlackElo "2210"]
[PlyCount "67"]
[EventDate "2023.01.14"]
[WhiteTeam "KJCA Kings"]
[BlackTeam "SchachAttack"]

1. d4 d5 2. c4 dxc4 3. e3 e5 4. Bxc4 exd4 5. exd4 Nf6 6. Nf3 Bd6 7. O-O O-O 8.
Nc3 h6 9. Ne5 Nc6 10. Re1 Bxe5 11. dxe5 Qxd1 12. Nxd1 Nd7 13. f4 Nb6 14. Bd3
Nd4 15. Ne3 Bd7 16. b3 Rad8 17. Bb2 Bc6 18. Rad1 a5 19. Bxd4 Rxd4 20. Bh7+ Kxh7
21. Rxd4 Re8 22. Red1 h5 23. Kf2 g5 24. g3 gxf4 25. gxf4 f6 26. exf6 Rf8 27.
Rg1 Rxf6 28. Rg5 Be8 29. Rxa5 Nc8 30. Rc5 c6 31. Rf5 Re6 32. Re5 Rxe5 33. fxe5
Nb6 34. Rb4 1-0

[Event "4NCL Division Two"]
[Site "Daventry, ENG"]
[Date "2023.01.14"]
[Round "3.64"]
[White "Waller, Dan"]
[Black "Hand, Freddie"]
[Result "1-0"]
[WhiteElo "2146"]
[BlackElo "2185"]
[PlyCount "67"]
[EventDate "2023.01.14"]
[WhiteTeam "SchachAttack"]
[BlackTeam "KJCA Kings"]

1. e4 e5 2. Nc3 Nf6 3. f4 d5 4. fxe5 Nxe4 5. Qf3 Nxc3 6. dxc3 c5 7. Bf4 Nc6 8.
O-O-O Qa5 9. Kb1 Be6 10. Qg3 d4 11. c4 b5 12. Bd2 Qa6 13. Nh3 bxc4 14. Nf4 Qc8
15. Nxe6 Qxe6 16. Be2 Nd8 17. Ba5 h5 18. Qf3 Rb8 19. Qf1 c3 20. b3 Be7 21. Bc4
Qg6 22. Bxd8 Bxd8 23. e6 O-O 24. exf7+ Kh8 25. Rd3 Bg5 26. Rg3 Qh6 27. Qf5 Bf6
28. Rg6 Qh7 29. Rf1 Rb7 30. a4 Rc7 31. Ka2 Be7 32. Qe6 Bf6 33. Rfxf6 d3 34.
Bxd3 1-0

[Event "4NCL Division Two"]
[Site "Daventry, ENG"]
[Date "2023.01.14"]
[Round "3.65"]
[White "Merriman, James"]
[Black "Wilks, Simon"]
[Result "1/2-1/2"]
[WhiteElo "2155"]
[BlackElo "2194"]
[PlyCount "106"]
[EventDate "2023.01.14"]
[WhiteTeam "KJCA Kings"]
[BlackTeam "SchachAttack"]

1. d4 Nf6 2. c4 e6 3. Nc3 Bb4 4. e3 O-O 5. Bd3 c5 6. Nf3 d5 7. O-O Nc6 8. a3
Bxc3 9. bxc3 dxc4 10. Bxc4 Qc7 11. Bb2 Rd8 12. Qe2 e5 13. h3 h6 14. Rad1 Bf5
15. Ba2 Be4 16. Nd2 Bh7 17. Nb3 Ne4 18. d5 Ne7 19. Nd2 Nd6 20. c4 f6 21. e4 Ng6
22. g3 Qd7 23. h4 Re8 24. h5 Nh8 25. Bb1 Nhf7 26. Nf3 Qg4 27. Rfe1 Qxh5 28. Bd3
Ng5 29. Nxg5 Qxe2 30. Rxe2 hxg5 31. g4 Kf7 32. Kg2 Rh8 33. f3 Ke7 34. Kg3 Bg6
35. Rh2 Rxh2 36. Kxh2 Rh8+ 37. Kg2 Be8 38. a4 b6 39. a5 Bd7 40. Ba3 Kd8 41. Ra1
Kc7 42. Bb2 Kb7 43. Bc1 Bc8 44. Be3 Kb8 45. Rb1 Kc7 46. Ra1 Bb7 47. Be2 Ra8 48.
Kf2 Ba6 49. Ra4 Kb7 50. Ke1 Rh8 51. Kf1 Rh2 52. Bg1 Rh8 53. Bf2 Rh1+ 1/2-1/2

[Event "4NCL Division Two"]
[Site "Daventry, ENG"]
[Date "2023.01.14"]
[Round "3.66"]
[White "Handley, Michael R"]
[Black "Ball, Laurence"]
[Result "1-0"]
[WhiteElo "2064"]
[BlackElo "2067"]
[PlyCount "69"]
[EventDate "2023.01.14"]
[WhiteTeam "SchachAttack"]
[BlackTeam "KJCA Kings"]

1. d4 d6 2. Nf3 f5 3. g3 Nf6 4. Bg2 g6 5. b3 Bg7 6. Bb2 O-O 7. O-O c6 8. Nbd2
Na6 9. Re1 Ne4 10. Nxe4 fxe4 11. Nd2 d5 12. f3 exf3 13. Bxf3 Bd7 14. e4 e6 15.
Kg2 Nc7 16. c4 Be8 17. Qe2 Bf7 18. Nf1 dxc4 19. Rad1 cxb3 20. axb3 Re8 21. Ne3
Qe7 22. Nc4 Nb5 23. d5 exd5 24. Bxg7 Kxg7 25. Qb2+ d4 26. e5 Qc5 27. Nd6 Nxd6
28. exd6 Qc3 29. Qf2 Rxe1 30. Rxe1 Rd8 31. Re7 Rxd6 32. Bd5 Rf6 33. Rxf7+ Rxf7
34. Qxf7+ Kh6 35. Qf8+ 1-0

[Event "4NCL Division Two"]
[Site "Daventry, ENG"]
[Date "2023.01.14"]
[Round "3.67"]
[White "Anilkumar, Anantha P"]
[Black "Simmons, Matthew"]
[Result "1/2-1/2"]
[WhiteElo "1878"]
[BlackElo "2153"]
[PlyCount "73"]
[EventDate "2023.01.14"]
[WhiteTeam "KJCA Kings"]
[BlackTeam "SchachAttack"]

1. d4 Nf6 2. c4 c5 3. d5 e5 4. Nc3 d6 5. e4 Be7 6. Nge2 Nbd7 7. Ng3 O-O 8. Be2
Ne8 9. Be3 g6 10. Qd2 a6 11. a4 Ng7 12. Bh6 Nf6 13. h4 Ng4 14. Bxg4 Bxg4 15. h5
g5 16. Nf5 Nxf5 17. exf5 Bxf5 18. Bxf8 Qxf8 19. Qe2 h6 20. g4 Bh7 21. f3 f5 22.
O-O Qg7 23. Rae1 Rf8 24. Qg2 Qf7 25. Ne2 Qe8 26. b3 Kh8 27. Ng3 Qd7 28. Nxf5
Bxf5 29. gxf5 Qxf5 30. Re4 Bd8 31. Qg4 Ba5 32. Qxf5 Rxf5 33. Kg2 Kg7 34. Kh3
Kf6 35. Kg4 Bc3 36. Rc1 Bd4 37. Rc2 1/2-1/2